| 000 | 01656nam1a2200325 i 4500 | ||
|---|---|---|---|
| 001 | RU\NLR\bibl\985414 | ||
| 005 | 20241102093150.0 | ||
| 035 | _a(NLR Aleph) 000973281 | ||
| 090 |
_a412820 _c412820 |
||
| 100 | _a20060919g20059999u y0rusy50 ca | ||
| 101 | 0 | _arus | |
| 102 | _aRU | ||
| 105 | _a||||z ||||| | ||
| 200 | 1 |
_aСовременные проблемы технической электрохимии _eучебное пособие _e[для студентов и аспирантов технических и химикотехнологических вузов специальности "Технология электротехнических поизводств"] _fВ.К. Варенцов _gМ-во образования и науки Рос. Федерации, Новосиб. гос. техн. ун-т |
|
| 210 |
_aНовосибирск _cИзд-во НГТУ _d2005 |
||
| 215 | _d20 | ||
| 463 | 0 | _1001948873 | |
| 463 | 0 | _1001982442 | |
| 463 | 0 | _10011103879 | |
| 606 | 1 |
_aПрикладная электрохимия _jУчебные издания для высших учебных заведений _92142052 _3RU\NLR\auth\661290966 |
|
| 606 |
_aМеталлы _jУчебные издания для высших учебных заведений _xЭлектролиз _91367842 _3RU\NLR\auth\66258793 |
||
| 686 | _aЛ35я73-1 | ||
| 686 | _aК314.4я73-1 | ||
| 700 | 1 |
_aВаренцов _bВ. К. _gВалерий Константинович _4070 |
|
| 801 | 0 |
_aRU _bNLR _c20060919 _grcr |
|
| 801 | 1 |
_aRU _bNLR _c20060919 |
|
| 830 | _aавт. по кн. | ||
| 852 |
_aNLR _j2006-3/15608 |
||
| 942 | _cBOOK | ||